00600 2200217 4500001002100000005001700021008004100038020001800079035002400097040001200121090001500133245006500148250001800213260003900231300002500270650001900295700002600314850001200340990001500352990001500367YOGYA-0209000000235920090227020527.0 ind  a979-496-147-7 0010-020900000002359 aYOPDYOG aQ 616bBuk aBUKU ajar ilmu penyakit dalamceditor, H.M. Sjaifoellah Noer aEd. 3, cet. 7 aJakartabBalai Penerbit FKUIc2004 a2 jilidbilusc26 cm aPenyakit dalam aNoor, H.M. Syaifullah aYOPDYOG a04B0002552 a04B0002549